Mary Barton / (Record no. 200425751)
[ view plain ]
| 000 -LEADER | |
|---|---|
| fixed length control field | 00796nam a2200265 4500 |
| 001 - CONTROL NUMBER | |
| control field | 598193 |
| 003 - CONTROL NUMBER IDENTIFIER | |
| control field | TR-AnTOB |
| 005 - DATE AND TIME OF LATEST TRANSACTION | |
| control field | 20190322123531.0 |
| 008 - FIXED-LENGTH DATA ELEMENTS--GENERAL INFORMATION | |
| fixed length control field | 730405 | eng c |
| 020 ## - INTERNATIONAL STANDARD BOOK NUMBER | |
| International Standard Book Number | 0140430539 |
| 040 ## - CATALOGING SOURCE | |
| Original cataloging agency | Kent St Univ Lib |
| Modifying agency | TR-AnTOB |
| Language of cataloging | eng |
| Transcribing agency | TR-AnTOB |
| Description conventions | rda |
| 041 ## - LANGUAGE CODE | |
| Language code of text/sound track or separate title | İngilizce |
| 050 ## - LIBRARY OF CONGRESS CALL NUMBER | |
| Classification number | PR4710 |
| Item number | .M3 1985 |
| 090 ## - LOCALLY ASSIGNED LC-TYPE CALL NUMBER (OCLC); LOCAL CALL NUMBER (RLIN) | |
| Classification number (OCLC) (R) ; Classification number, CALL (RLIN) (NR) | PR4710 |
| Local cutter number (OCLC) ; Book number/undivided call number, CALL (RLIN) | .M3 1985 |
| 100 1# - MAIN ENTRY--PERSONAL NAME | |
| Personal name | Gaskell, Elizabeth Cleghorn, |
| Dates associated with a name | 1810-1865 |
| 245 10 - TITLE STATEMENT | |
| Title | Mary Barton / |
| Statement of responsibility, etc. | by Mrs. Gaskell. |
| 264 #1 - PRODUCTION, PUBLICATION, DISTRIBUTION, MANUFACTURE, AND COPYRIGHT NOTICE | |
| Place of production, publication, distribution, manufacture | New York : |
| Name of producer, publisher, distributor, manufacturer | Truslove and Comba, |
| Date of production, publication, distribution, manufacture, or copyright notice | [date of publication not identified] |
| 300 ## - PHYSICAL DESCRIPTION | |
| Extent | 337 pages ; |
| Dimensions | 21 cm |
| 336 ## - CONTENT TYPE | |
| Content type term | text |
| Content type code | txt |
| Source | rdacontent |
| 337 ## - MEDIA TYPE | |
| Media type term | unmediated |
| Media type code | n |
| Source | rdamedia |
| 338 ## - CARRIER TYPE | |
| Carrier type term | volume |
| Carrier type code | nc |
| Source | rdacarrier |
| 590 ## - LOCAL NOTE (RLIN) | |
| Local note | Donated by Nermin Çaker. |
| 942 ## - ADDED ENTRY ELEMENTS (KOHA) | |
| Source of classification or shelving scheme | Library of Congress Classification |
| Koha item type | Book |
| Withdrawn status | Lost status | Source of classification or shelving scheme | Not for loan | Collection code | Home library | Current library | Shelving location | Date acquired | Source of acquisition | Cost, normal purchase price | Inventory number | Total Checkouts | Full call number | Barcode | Date last seen | Copy number | Date shelved | Koha item type |
|---|---|---|---|---|---|---|---|---|---|---|---|---|---|---|---|---|---|---|
| Library of Congress Classification | Ödünç Verilebilir / Available | Genel Koleksiyon | Merkez Kütüphane | Merkez Kütüphane | Genel Koleksiyon / Main Collection | 27/08/2015 | Bağış / Donation | 0.01 | İDE | PR4710 .M3 1985 | 0052138 | 02/02/2017 | 1 | 02/02/2017 | Book |
